书目信息 |
| 题名: |
保密技术防范常识 : 图文本
|
|
| 作者: | ;国家保密局 编印 | |
| 分册: | ||
| 出版信息: | 北京 国家保密局 2009.11 |
|
| 页数: | 41页 | |
| 开本: | 20cm | |
| 丛书名: | ||
| 单 册: | ||
| 中图分类: | D631.3 | |
| 科图分类: | ||
| 主题词: | 政治--中国 | |
| 电子资源: | ||
| ISBN: | 7-80251-124-0 | |
| 000 | 00619nam0 2200193 450 | |
| 001 | 1457083584 | |
| 005 | 20141231155416.07 | |
| 010 | @a7-80251-124-0@dCNY3.50 | |
| 100 | @a20141231d2009 km y0chiy0120 ea | |
| 101 | 0 | @achi |
| 102 | @aCN@b110000 | |
| 200 | 1 | @a保密技术防范常识 : 图文本@Abao mi ji shu fang fan chang shi:tu wen ben@f国家保密局编印@Fguo jia bao mi ju bian yin |
| 210 | @a北京@c国家保密局@d2009.11 | |
| 215 | @a41页@d20cm | |
| 606 | 0 | @a政治@x中国 |
| 690 | @aD631.3@v4 | |
| 711 | 02 | @a国家保密局@Aguo jia bao mi ju@4编印 |
| 801 | 0 | @aCN@b大连网信软件有限公司图书馆·11@c20141231 |
| 905 | @aZUCC@dD631.3@eG894 | |
| 保密技术防范常识 : 图文本/国家保密局编印.-北京:国家保密局,2009.11 |
| 41页;20cm |
| ISBN 7-80251-124-0:CNY3.50 |
| ● |
| 相关链接 |
|
|
|
正题名:保密技术防范常识 : 图文本
索取号:D631.3/G894
 
预约/预借
| 序号 | 登录号 | 条形码 | 馆藏地/架位号 | 状态 | 备注 |
| 1 | 495460 | 204954601 | 社科库509/509社科库 74排6列4层/ [索取号:D631.3/G894] | 在馆 |